000 00727nam a2200181Ia 4500
008 090630s9999 xx 000 0 und d
082 _b19764
100 _aम्हात्रे रविंद्र रा.
245 _a कळस यशोमंदिराचा.
_cम्हात्रे रविंद्र रा.
260 _bआकृती - मुंबई.
_c2000
300 _a116
600 _aम्हात्रे रविंद्र रा.
630 _a कळस यशोमंदिराचा.
655 _aधार्मिक.
700 _aम्हात्रे रविंद्र रा.
730 _a कळस यशोमंदिराचा.
942 _cBOOK
999 _c271620
_d271620